000 01168nam a22003977a 4500
001 BR7907586
003 BR-BrBNA
005 20230928090300.0
007 ta
008 230509b bl.||||| |||| 00| 0 por d
040 _aBR-BrBNA
_bpor
_cBiblioteca Nacional de Agricultura
041 _a(Por)
072 _aE30; P12
_b/G514
_b/GZ65
090 _ E30 BR7907586
100 1 _aNascimento, O.
110 1 _aSecretaria do Planejamento e Coordenacao, Goiania, GO (Brasil)
_99087
245 1 _aProjeto Rio Formoso. Estudo tecnico financeiro v. 1 [desenvolvimento economico, Goias, Brasil]
260 3 _aGoiania, GO (Brasil):
_c[nd].
300 _a162 p.
500 _a15 illus.; 30 tables; 15 graphs; 2 Maps, scale 1:1.000.000; Published 1979?
650 _aPROJETO DE DESENVOLVIMENTO
650 _aARROZ
650 _aIRRIGACAO
650 _aPECUARIA
650 _aRECURSO HIDRICO
650 _aSOLO
650 _aVEGETACAO
650 _aCLIMA
650 _aESTRUTURA AGRARIA
650 _aFINANCIAMENTO
650 _aRIO FORMOSO
650 _aFORMOSO DO ARAGUAIA
650 _aGOIAS
909 _a202309
_bLucia
_c55
_dLucia Elande
942 _cBK
999 _c28296
_d28296